书目信息 |
| 题名: |
井冈山精神
|
|
| 作者: | 刘海霞 著 | |
| 分册: | ||
| 出版信息: | 北京 人民日报出版社 2021.06 |
|
| 页数: | 21, 180页 | |
| 开本: | 24cm | |
| 丛书名: | 中国共产党伟大精神丛书 | |
| 单 册: | ||
| 中图分类: | D648.4 | |
| 科图分类: | ||
| 主题词: | 井冈山精神--jing gang shan jing shen--学习参考资料 | |
| 电子资源: | ||
| ISBN: | 978-7-5115-6416-0 | |
| 000 | 00957nam 2200265 450 | |
| 001 | CAL 0120162051343 | |
| 005 | 20210707092507.5 | |
| 010 | @a978-7-5115-6416-0@dCNY39.80 | |
| 100 | @a20210706d2021 em y0chiy0120 ea | |
| 101 | 0 | @achi |
| 102 | @aCN@b110000 | |
| 105 | @aa a 000yy | |
| 106 | @ar | |
| 200 | 1 | @a井冈山精神@Ajing gang shan jing shen@f刘海霞著 |
| 210 | @a北京@c人民日报出版社@d2021.06 | |
| 215 | @a21, 180页@c图@d24cm | |
| 225 | 2 | @a中国共产党伟大精神丛书@Azhong guo gong chan dang wei da jing shen cong shu |
| 320 | @a有书目 (第174-180页) | |
| 330 | @a本书主要内容包括: 井冈山革命根据地的创立与井冈山精神的形成、井冈山精神的基本内涵、井冈山精神的历史地位、井冈山精神的当代价值。 | |
| 410 | 0 | @12001 @a中国共产党伟大精神丛书 |
| 606 | 0 | @a井冈山精神@Ajing gang shan jing shen@j学习参考资料 |
| 690 | @aD648.4@v5 | |
| 701 | 0 | @a刘海霞@Aliu hai xia@4著 |
| 801 | 0 | @aCN@b人天书店@c20210706 |
| 905 | @aTSG@b0002402@dD648.4@eL627@f2 | |
| 井冈山精神/刘海霞著.-北京:人民日报出版社,2021.06 |
| 21, 180页:图;24cm.-(中国共产党伟大精神丛书) |
| ISBN 978-7-5115-6416-0:CNY39.80 |
| 本书主要内容包括: 井冈山革命根据地的创立与井冈山精神的形成、井冈山精神的基本内涵、井冈山精神的历史地位、井冈山精神的当代价值。 |
| ● |
| 相关链接 |
|
|
|
正题名:井冈山精神
索取号:D648.4/L627
 
预约/预借
| 序号 | 登录号 | 条形码 | 馆藏地/架位号 | 状态 | 备注 |
| 1 | 1530429 | 215304294 | 社科库509/509社科库 75排3列6层/ [索取号:D648.4/L627] | 在馆 | |
| 2 | 1530430 | 215304301 | 社科库509/509社科库 75排3列6层/ [索取号:D648.4/L627] | 在馆 |